[Event "Kings Indian for Masternorm (1800+)"]
[Site "SchemingMind.com"]
[Date "2019.06.04"]
[Round "-"]
[White "flyinduck"]
[Black "Mihir Chandrashekhar"]
[Result "0-1"]
[WhiteCountry "CAN"]
[BlackCountry "IND"]
[WhiteElo "2075"]
[WhiteRD "61"]
[BlackElo "1934"]
[BlackRD "50"]
[GameID "442024"]

1. d4 Nf6 2. c4 g6 3. Nc3 Bg7 4. e4 d6 5. f3 O-O 6. Be3 c5 7. dxc5 dxc5 8. Qxd8 Rxd8 9. Bxc5 Nc6 10. Nge2 Nd7
11. Ba3 Nde5 12. Nf4 b6 13. Be2 e6 14. Kf2 Ba6 15. b3 Nxc4 16. bxc4 Bxc3 17. Rad1 Bd4+ 18. Kg3 Be5 19. h4 f6
0-1

[Event "Kings Indian for Masternorm (1800+)"]
[Site "SchemingMind.com"]
[Date "2019.06.05"]
[Round "-"]
[White "Mihir Chandrashekhar"]
[Black "flyinduck"]
[Result "0-1"]
[WhiteCountry "IND"]
[BlackCountry "CAN"]
[WhiteElo "1934"]
[WhiteRD "50"]
[BlackElo "2075"]
[BlackRD "61"]
[GameID "442025"]

1. d4 Nf6 2. c4 g6 3. Nc3 Bg7 4. e4 d6 5. f3 O-O 6. Be3 c5 7. Nge2 b6 8. Qd2 Nc6 9. d5 Ne5 10. b3 e6
11. Bh6 Nxe4 12. Nxe4 Qh4+
0-1

[Event "Kings Indian for Masternorm (1800+)"]
[Site "SchemingMind.com"]
[Date "2019.08.07"]
[Round "-"]
[White "flyinduck"]
[Black "Matthew Bailey"]
[Result "0-1"]
[WhiteCountry "CAN"]
[BlackCountry "ENG"]
[WhiteElo "2047"]
[WhiteRD "63"]
[BlackElo "2232"]
[BlackRD "65"]
[GameID "444470"]

1. d4 Nf6 2. c4 g6 3. Nc3 Bg7 4. e4 d6 5. f3 O-O 6. Be3 c5 7. dxc5 dxc5 8. Qxd8 Rxd8 9. Bxc5 Nc6 10. Nge2 b6
11. Ba3 Ba6 12. Nb5 Rd7 13. Nec3 Rad8 14. Be2 Bb7 15. Na4 Nh5 16. g3 f5 17. exf5 gxf5 18. c5 Rd2 19. Rd1 Rxd1+ 20. Bxd1 a6
21. Bb3+ Kh8 22. cxb6 Ne5 23. Nc5 Nxf3+ 24. Kf2 Rd2+ 25. Ke3 Bh6#
0-1

[Event "Kings Indian for Masternorm (1800+)"]
[Site "SchemingMind.com"]
[Date "2019.08.07"]
[Round "-"]
[White "Matthew Bailey"]
[Black "flyinduck"]
[Result "1/2-1/2"]
[WhiteCountry "ENG"]
[BlackCountry "CAN"]
[WhiteElo "2232"]
[WhiteRD "65"]
[BlackElo "2047"]
[BlackRD "63"]
[GameID "444471"]

1. d4 Nf6 2. c4 g6 3. Nc3 Bg7 4. e4 d6 5. f3 O-O 6. Be3 c5 7. Nge2 Nc6 8. Qd2 b6 9. d5 Ne5 10. Ng3 h5
11. h4 a6 12. Be2 Kh7 13. O-O Rb8 14. Rfd1 Bd7 15. a4 Ne8 16. Rab1 Nc7 17. b4 a5 18. b5 Ne8 19. Bg5 Nf6 20. Nh1 Ng8
21. Rbc1 Rb7 22. Nf2 Nh6 23. Be3 f6 24. Qe1 Qe8 25. Qd2 Rh8=
1/2-1/2

[Event "Kings Indian for Masternorm (1800+)"]
[Site "SchemingMind.com"]
[Date "2019.08.09"]
[Round "-"]
[White "Mihir Chandrashekhar"]
[Black "Matthew Bailey"]
[Result "1/2-1/2"]
[WhiteCountry "IND"]
[BlackCountry "ENG"]
[WhiteElo "1959"]
[WhiteRD "52"]
[BlackElo "2232"]
[BlackRD "65"]
[GameID "444474"]

1. d4 Nf6 2. c4 g6 3. Nc3 Bg7 4. e4 d6 5. f3 O-O 6. Be3 c5 7. Nge2 Qa5 8. Nc1 cxd4 9. Nb3 Qe5 10. Nxd4 Nc6
11. Nxc6 bxc6 12. Be2 Qa5 13. O-O Rb8 14. Qd2 Nd7 15. Rab1 Re8 16. Bd4 Ne5 17. f4 c5 18. Bxe5 dxe5 19. f5 gxf5 20. exf5 Bb7
21. Qg5 Qa6 22. Bd3 Kh8 23. f6 exf6 24. Qf5 e4 25. Bxe4 Bxe4 26. Nxe4 Qxc4 27. Nxf6 Qd4+ 28. Rf2 Bxf6 29. Qxf6+ Qxf6 30. Rxf6 Re2
31. Rxf7= Rbxb2 32. Rxb2 Rxb2 33. Rxa7 c4=
1/2-1/2

[Event "Kings Indian for Masternorm (1800+)"]
[Site "SchemingMind.com"]
[Date "2019.08.09"]
[Round "-"]
[White "Matthew Bailey"]
[Black "Mihir Chandrashekhar"]
[Result "1/2-1/2"]
[WhiteCountry "ENG"]
[BlackCountry "IND"]
[WhiteElo "2279"]
[WhiteRD "59"]
[BlackElo "1997"]
[BlackRD "54"]
[GameID "444475"]

1. d4 Nf6 2. c4 g6 3. Nc3 Bg7 4. e4 d6 5. f3 O-O 6. Be3 c5 7. Nge2 Nc6 8. Qd2 cxd4 9. Nxd4 Nxd4 10. Bxd4 Qa5
11. Be2 Be6 12. b3 Nd7 13. Bxg7 Kxg7 14. f4 Nf6 15. O-O-O a6 16. Bf3 Rac8 17. Nd5 Qxd2+ 18. Kxd2 Bxd5 19. cxd5 Nd7 20. Rhe1 Rc7
21. Rc1 Rfc8 22. Rxc7 Rxc7 23. e5 Kf8 24. g3 Rc5 25. a3 Nb6 26. Rc1 Rxc1 27. Kxc1 a5 28. Kb2 a4 29. e6 axb3 30. Kxb3 f5
31. Kb4 Ke8 32. Kb5 Na8 33. Bd1 h5 34. Bb3 Kd8 35. a4 Nc7+ 36. Kb6 Kc8 37. Ka7 Ne8 38. Kb6 Nc7 39. Ba2 Ne8 40. a5 Nf6
41. Bc4 Ne8 42. Be2 Nf6 43. Bf3 Ng4 44. a6 bxa6 45. Bxg4 hxg4 46. Kxa6 Kc7 47. Ka5 Kb7 48. Kb5 Kc7 49. Kc4 Kb7 50. Kb5 Kc7=
51. Kc4 Kb7 52. Kb5=
1/2-1/2

[Event "Kings Indian for Masternorm (1800+)"]
[Site "SchemingMind.com"]
[Date "2019.09.04"]
[Round "-"]
[White "flyinduck"]
[Black "jolasebabes"]
[Result "0-1"]
[WhiteCountry "CAN"]
[BlackCountry "POR"]
[WhiteElo "2024"]
[WhiteRD "70"]
[BlackElo "2141"]
[BlackRD "90"]
[GameID "445524"]

1. d4 Nf6 2. c4 g6 3. Nc3 Bg7 4. e4 d6 5. f3 O-O 6. Be3 c5 7. Nge2 Qa5 8. d5 b5 9. cxb5 a6 10. b6 Nbd7
11. Nc1 Nxe4 12. Nb3 Bxc3+ 13. bxc3 Qxc3+ 14. Bd2 Nxd2 15. Qxd2 Qe5+ 16. Kf2 Nxb6 17. Rd1 Bb7 18. Na5 Bxd5 19. h4 c4 20. h5 Rac8
0-1

[Event "Kings Indian for Masternorm (1800+)"]
[Site "SchemingMind.com"]
[Date "2019.09.04"]
[Round "-"]
[White "jolasebabes"]
[Black "flyinduck"]
[Result "1-0"]
[WhiteCountry "POR"]
[BlackCountry "CAN"]
[WhiteElo "2184"]
[WhiteRD "88"]
[BlackElo "2012"]
[BlackRD "71"]
[GameID "445525"]

1. d4 Nf6 2. c4 g6 3. Nc3 Bg7 4. e4 d6 5. f3 O-O 6. Be3 c5 7. Nge2 b6 8. d5 e6 9. Ng3 exd5 10. cxd5 h5
11. Be2 h4 12. Nf1 Na6 13. g3 Ne8 14. Qd2 Nac7 15. Bg5 Bf6 16. gxh4 a6 17. Rg1 b5 18. h5 b4 19. Na4 Nb5 20. hxg6 fxg6
21. Bh6 Bh4+ 22. Kd1 Rf6 23. Rc1 Bd7 24. e5 dxe5 25. Nxc5 Nd4 26. Ne4 Rb6 27. Ne3 Kh7 28. Nc4 Bb5 29. Bg5 Bxg5 30. Nxg5+ Kg8
31. Ne6 Rxe6 32. dxe6 Qf6 33. Qh6 Ng7 34. Rxg6 Qe7 35. Ke1 Nf5 36. Qh5 Rf8 37. Nxe5 Bxe2 38. Kxe2 Qa7 39. Qg5 Qd4 40. Rxg7+ Nxg7
41. Rc7 Qxb2+ 42. Ke3
1-0

[Event "Kings Indian for Masternorm (1800+)"]
[Site "SchemingMind.com"]
[Date "2019.09.07"]
[Round "-"]
[White "jolasebabes"]
[Black "Mihir Chandrashekhar"]
[Result "1-0"]
[WhiteCountry "POR"]
[BlackCountry "IND"]
[WhiteElo "2202"]
[WhiteRD "86"]
[BlackElo "1801"]
[BlackRD "52"]
[GameID "445528"]

1. d4 Nf6 2. c4 g6 3. Nc3 Bg7 4. e4 d6 5. f3 O-O 6. Nge2 c5 7. d5 e6 8. Ng3 exd5 9. cxd5 Nbd7 10. Be2 a6
11. a4 b6 12. O-O Bb7 13. Be3 Qc7 14. Qd2 Ne5 15. Bh6 Rfe8 16. Bxg7 Kxg7 17. f4 Neg4 18. h3 Nh6 19. Rae1 Nhg8 20. Bd3 c4
21. Bc2 Qc5+ 22. Kh1 b5 23. axb5 axb5 24. e5 dxe5 25. fxe5
1-0

[Event "Kings Indian for Masternorm (1800+)"]
[Site "SchemingMind.com"]
[Date "2019.09.07"]
[Round "-"]
[White "Mihir Chandrashekhar"]
[Black "jolasebabes"]
[Result "0-1"]
[WhiteCountry "IND"]
[BlackCountry "POR"]
[WhiteElo "1862"]
[WhiteRD "51"]
[BlackElo "2184"]
[BlackRD "88"]
[GameID "445529"]

1. d4 Nf6 2. c4 g6 3. Nc3 Bg7 4. e4 d6 5. f3 O-O 6. Be3 c5 7. dxc5 dxc5 8. Qxd8 Rxd8 9. Bxc5 Nc6 10. Nd5 Nd7
11. Nxe7+ Nxe7 12. Bxe7 Bxb2 13. Bxd8 Bxa1 14. Nh3 f5 15. exf5 Ne5 16. f4 Bc3+
0-1

[Event "Kings Indian for Masternorm (1800+)"]
[Site "SchemingMind.com"]
[Date "2019.09.04"]
[Round "-"]
[White "jolasebabes"]
[Black "Matthew Bailey"]
[Result "0-1"]
[WhiteCountry "POR"]
[BlackCountry "ENG"]
[WhiteElo "2141"]
[WhiteRD "90"]
[BlackElo "2303"]
[BlackRD "62"]
[GameID "445530"]

1. d4 Nf6 2. c4 g6 3. Nc3 Bg7 4. e4 d6 5. f3 O-O 6. Be3 Nfd7 7. Qd2 c5 8. d5 Nb6 9. h4 h5 10. Bh6 N8d7
11. Bxg7 Kxg7 12. Bd3 e6 13. Nge2 Ne5 14. b3 exd5 15. exd5 Nxd3+ 16. Qxd3 Bf5 17. Qd2 Nd7 18. Ng3 Qf6 19. Nxf5+ Qxf5 20. Kf2 Nf6
21. Rae1 Rfe8 22. Nb5 Red8 23. Re7 a6 24. Nc3 b5 25. Rhe1 bxc4 26. bxc4 Re8 27. Rxe8 Rxe8 28. Rxe8 Nxe8 29. Ne4 Qe5 30. Qc3 Qxc3
31. Nxc3 Nf6 32. Ne4 Nxe4+ 33. fxe4 Kf6 34. Kf3 Ke5 35. Ke3 a5 36. g3 a4 37. a3 f5 38. exf5 gxf5 39. Kd3 f4 40. gxf4+ Kxf4
41. Kd2 Ke4
0-1

[Event "Kings Indian for Masternorm (1800+)"]
[Site "SchemingMind.com"]
[Date "2019.09.04"]
[Round "-"]
[White "Matthew Bailey"]
[Black "jolasebabes"]
[Result "1-0"]
[WhiteCountry "ENG"]
[BlackCountry "POR"]
[WhiteElo "2424"]
[WhiteRD "62"]
[BlackElo "2202"]
[BlackRD "86"]
[GameID "445531"]

1. d4 Nf6 2. c4 g6 3. Nc3 Bg7 4. e4 d6 5. f3 O-O 6. Be3 c5 7. d5 e6 8. Nge2 exd5 9. cxd5 a6 10. a4 Nbd7
11. Qd2 Re8 12. Nc1 Ne5 13. Be2 Nh5 14. O-O f5 15. Bg5 Nf6 16. exf5 Bxf5 17. a5 b5 18. axb6 Qxb6 19. Be3 a5 20. Kh1 Rab8
21. b3 Bd7 22. Rd1 Re7 23. Bf2 Nf7 24. Bc4 Ne5 25. Nd3 Nxc4 26. bxc4 Rbe8 27. Ra3 Bf5 28. Bg1 Nd7 29. Nb5 Re2 30. Qxa5 Bxd3
31. Rdxd3 Qxa5 32. Rxa5 Re1 33. Nxd6 Rb8 34. Nb5 Ne5 35. Rda3 Nxc4 36. Ra8 Ree8 37. Rxb8 Rxb8 38. Rb3 Nd6 39. Nd4 Rxb3 40. Nxb3 c4
41. Na5 c3 42. Nb3 Kf7 43. Bc5 Nc4 44. Na1 Ne5 45. Nc2 Nd7 46. Bf2 Ke7 47. Kg1 Kd6 48. Nb4 Nf6 49. Bd4 Ne8 50. Bb6 c2
51. Nxc2 Kxd5 52. Kf2 Nd6 53. Ne3+ Ke6 54. f4 Nf5 55. g4
1-0

[Event "Kings Indian for Masternorm (1800+)"]
[Site "SchemingMind.com"]
[Date "2019.11.20"]
[Round "-"]
[White "Archon"]
[Black "flyinduck"]
[Result "1/2-1/2"]
[WhiteCountry "CAN"]
[BlackCountry "CAN"]
[WhiteElo "1825"]
[WhiteRD "77"]
[BlackElo "1990"]
[BlackRD "64"]
[GameID "448245"]

1. d4 Nf6 2. c4 g6 3. Nc3 Bg7 4. e4 d6 5. f3 O-O 6. Nge2 a6 7. Be3 Nc6 8. Qd2 Rb8 9. h4 h5 10. Nc1 e5
11. d5 Nd4 12. Nb3 Nxb3 13. axb3 c5 14. b4 cxb4 15. Na4 b5 16. Qxb4 Bd7 17. cxb5 Bxb5 18. Bxb5 Rxb5 19. Qd2 Qa5 20. Qxa5 Rxa5
21. Ke2 Rb8 22. Bd2 Rab5 23. b4 Nd7 24. Rhc1 Nb6 25. Nxb6 R5xb6 26. Rc7 Bf6 27. Ra7 Bxh4 28. R1xa6 Kf8 29. Rxb6 Rxb6 30. Rc7 Bd8
31. Rc6 Ke8 32. Rc4 f5 33. Rc1 fxe4 34. fxe4 g5 35. Rh1 h4 36. Kf3 Kf7 37. Kg4 Ra6 38. Rf1+ Kg6 39. g3 Ra2 40. Rf2 Bb6
41. Re2 hxg3 42. Kxg3 Bd4 43. Rg2 Rb2 44. Kh2 Kf7 45. Bxg5 Rxb4 46. Rg4 Bc5 47. Kg3 Rb8=
1/2-1/2

[Event "Kings Indian for Masternorm (1800+)"]
[Site "SchemingMind.com"]
[Date "2019.11.24"]
[Round "-"]
[White "flyinduck"]
[Black "Archon"]
[Result "1/2-1/2"]
[WhiteCountry "CAN"]
[BlackCountry "CAN"]
[WhiteElo "1990"]
[WhiteRD "64"]
[BlackElo "1825"]
[BlackRD "77"]
[GameID "448246"]

1. d4 Nf6 2. c4 g6 3. Nc3 Bg7 4. e4 d6 5. f3 O-O 6. Be3 e5 7. Nge2 c6 8. Qd2 Nbd7 9. d5 cxd5 10. cxd5 a6
11. g4 h5 12. h3 b5 13. Bg5 Qa5 14. Nd1 b4 15. Ng3 Nc5 16. gxh5 Bd7 17. Bc4 Rac8 18. Ne3 Rfe8 19. Kf2 Qb6 20. hxg6 fxg6
21. Kg2 Nh7 22. h4 Nxg5 23. hxg5 a5 24. Rh4 Kf7 25. Rah1 Rh8 26. Rxh8 Rxh8 27. Rxh8 Bxh8 28. b3 Qd8 29. Nef1 Bg7 30. f4 exf4
31. Qxf4+ Ke7 32. Qh4 Qh8 33. Qxh8 Bxh8 34. Kf3=
1/2-1/2

[Event "Kings Indian for Masternorm (1800+)"]
[Site "SchemingMind.com"]
[Date "2019.11.24"]
[Round "-"]
[White "Archon"]
[Black "jolasebabes"]
[Result "0-1"]
[WhiteCountry "CAN"]
[BlackCountry "POR"]
[WhiteElo "1828"]
[WhiteRD "77"]
[BlackElo "2211"]
[BlackRD "90"]
[GameID "448247"]

1. d4 Nf6 2. c4 g6 3. Nc3 Bg7 4. e4 d6 5. f3 O-O 6. Be3 e5 7. d5 c6 8. Qd2 cxd5 9. cxd5 a6 10. Bd3 Nh5
11. Nge2 f5 12. exf5 Bxf5 13. Bxf5 gxf5 14. Bf2 Nd7 15. O-O Rc8 16. Rac1 Qf6 17. Rfd1 Qg6 18. Kf1 Kh8 19. Na4 Bh6 20. Be3 Rg8
21. g3 Rxc1 22. Rxc1 f4 23. gxf4 Qg2+ 24. Ke1 Qh1+
0-1

[Event "Kings Indian for Masternorm (1800+)"]
[Site "SchemingMind.com"]
[Date "2019.11.24"]
[Round "-"]
[White "jolasebabes"]
[Black "Archon"]
[Result "1-0"]
[WhiteCountry "POR"]
[BlackCountry "CAN"]
[WhiteElo "2211"]
[WhiteRD "90"]
[BlackElo "1828"]
[BlackRD "77"]
[GameID "448248"]

1. d4 Nf6 2. c4 g6 3. Nc3 Bg7 4. e4 d6 5. f3 O-O 6. Bd3 Ne8 7. Nge2 e5 8. d5 Qh4+ 9. Ng3 Na6 10. Be3 f5
11. Bf2 Qe7 12. exf5 gxf5 13. Qd2 Nc5 14. Bc2 a5 15. O-O-O b6 16. Nh5 Bh8 17. g4 f4 18. Rhg1 Ng7 19. Bxc5 bxc5 20. Qd3 Ne8
21. g5 Bf5 22. Nf6+
1-0

[Event "Kings Indian for Masternorm (1800+)"]
[Site "SchemingMind.com"]
[Date "2019.11.19"]
[Round "-"]
[White "Archon"]
[Black "Mihir Chandrashekhar"]
[Result "1-0"]
[WhiteCountry "CAN"]
[BlackCountry "IND"]
[WhiteElo "1822"]
[WhiteRD "89"]
[BlackElo "1862"]
[BlackRD "51"]
[GameID "448251"]

1. d4 Nf6 2. c4 g6 3. Nc3 Bg7 4. e4 d6 5. f3 c5 6. d5 Nbd7 7. Bg5 h6 8. Be3 O-O 9. Be2 Ne5 10. f4 Neg4
11. Bd2 h5 12. h3 Nh6 13. Nf3 e6 14. dxe6 fxe6 15. O-O Nh7 16. Qc2 a6 17. Rad1 Qc7 18. Bd3 b6 19. Nh4 Bd4+ 20. Kh1 e5
21. Nxg6
1-0

[Event "Kings Indian for Masternorm (1800+)"]
[Site "SchemingMind.com"]
[Date "2019.11.19"]
[Round "-"]
[White "Mihir Chandrashekhar"]
[Black "Archon"]
[Result "0-1"]
[WhiteCountry "IND"]
[BlackCountry "CAN"]
[WhiteElo "1801"]
[WhiteRD "52"]
[BlackElo "1825"]
[BlackRD "77"]
[GameID "448252"]

1. d4 Nf6 2. c4 g6 3. Nc3 Bg7 4. e4 d6 5. f3 O-O 6. Bd3 e5 7. d5 Nh5 8. g4 Nf4 9. Bxf4 exf4 10. h4 h6
11. h5 g5 12. Nge2 Na6 13. a3 Nc5 14. b4 Nxd3+ 15. Qxd3 b6 16. Nd4 Bd7 17. O-O Qe7 18. Rae1 Rfe8 19. Kf2 a6 20. Nf5 Bxf5
21. exf5 Qf6 22. Ne4 Qd4+ 23. Qxd4 Bxd4+ 24. Ke2 Kg7 25. Kd3 Be5 26. Rb1 Rab8 27. a4 f6 28. Rfc1 Red8 29. Nd2 Kf7 30. Nb3 Ke7
31. Re1 Kf7 32. Nd4 Bxd4 33. Kxd4 Re8 34. Re6 Re7 35. Rbe1 Rd7 36. R1e2 Rbd8 37. Rb2 Rb8 38. Ree2 Rdd8 39. c5 Rbc8 40. cxb6 cxb6
41. Rbc2 Re8 42. Rxe8 Rxc2 43. Rb8 Ra2 44. Rxb6 Rxa4 45. Rxd6 Rxb4+ 46. Kc5 a5 47. Rb6 Rxb6 48. Kxb6 a4 49. d6 a3 50. d7 a2
51. d8=Q a1=Q 52. Qd5+ Kf8 53. Kc6 Qa6+ 54. Kd7 Qa7+ 55. Ke6 Qe7#
0-1

[Event "Kings Indian for Masternorm (1800+)"]
[Site "SchemingMind.com"]
[Date "2019.11.20"]
[Round "-"]
[White "Archon"]
[Black "Matthew Bailey"]
[Result "0-1"]
[WhiteCountry "CAN"]
[BlackCountry "ENG"]
[WhiteElo "1825"]
[WhiteRD "77"]
[BlackElo "2424"]
[BlackRD "62"]
[GameID "448253"]

1. d4 Nf6 2. c4 g6 3. Nc3 Bg7 4. e4 d6 5. f3 O-O 6. Be3 c5 7. Nge2 Qa5 8. Qd2 Nc6 9. d5 Ne5 10. Ng3 h5
11. Bg5 Qb4 12. Nd1 Re8 13. Be2 Nh7 14. Be3 b6 15. Qxb4 cxb4 16. Rc1 Nd7 17. Nf1 Nc5 18. Nd2 f5 19. Nb3 fxe4 20. Nxc5 bxc5
21. fxe4 Nf6 22. Bd3 Ng4 23. Bg5 e6 24. h3 Ne5 25. Bb1 exd5 26. cxd5 Ba6 27. Nf2 Nf7 28. Bf4 Bxb2 29. Rd1 Bc3+ 30. Bd2 Ne5
31. Bxc3 bxc3 32. Rc1 Rab8 33. h4 Rb2 34. Rh3 Re2+
0-1

[Event "Kings Indian for Masternorm (1800+)"]
[Site "SchemingMind.com"]
[Date "2019.11.20"]
[Round "-"]
[White "Matthew Bailey"]
[Black "Archon"]
[Result "1-0"]
[WhiteCountry "ENG"]
[BlackCountry "CAN"]
[WhiteElo "2363"]
[WhiteRD "63"]
[BlackElo "1822"]
[BlackRD "89"]
[GameID "448254"]

1. d4 Nf6 2. c4 g6 3. Nc3 Bg7 4. e4 d6 5. f3 O-O 6. Nge2 c5 7. Be3 Nc6 8. d5 Na5 9. b3 a6 10. Rc1 Rb8
11. Ng3 Bd7 12. Bd3 b5 13. O-O bxc4 14. bxc4 Qc7 15. Qe2 Rb4 16. Nd1 h5 17. Nh1 h4 18. Nhf2 Nh5 19. f4 Bh6 20. f5 Nf4
21. Qg4 Nxd3 22. Bxh6 Ne5 23. Qxh4 Re8 24. f6
1-0

[Event "Kings Indian for Masternorm (1800+)"]
[Site "SchemingMind.com"]
[Date "2019.11.30"]
[Round "-"]
[White "Archon"]
[Black "Ramesh Panwar"]
[Result "0-1"]
[WhiteCountry "CAN"]
[BlackCountry "IND"]
[WhiteElo "1825"]
[WhiteRD "77"]
[BlackElo "2510"]
[BlackRD "73"]
[GameID "448692"]

1. d4 Nf6 2. c4 g6 3. Nc3 Bg7 4. e4 d6 5. f3 O-O 6. Be3 c5 7. Nge2 Nbd7 8. Qd2 Qa5 9. Rd1 b6 10. b3 Bb7
11. g4 Rfd8 12. h4 cxd4 13. Bxd4 Ne5 14. Bg2 a6 15. h5 b5 16. hxg6 hxg6 17. Be3 bxc4 18. Bh6 Qc5 19. bxc4 Nxc4 20. Qc1 Bh8
21. Bg5 d5 22. Bxf6 Bxf6 23. Qh6 dxe4 24. Qh7+ Kf8 25. f4 Bxc3+ 26. Nxc3 Qe3+
0-1

[Event "Kings Indian for Masternorm (1800+)"]
[Site "SchemingMind.com"]
[Date "2019.11.30"]
[Round "-"]
[White "Ramesh Panwar"]
[Black "Archon"]
[Result "1-0"]
[WhiteCountry "IND"]
[BlackCountry "CAN"]
[WhiteElo "2510"]
[WhiteRD "73"]
[BlackElo "1825"]
[BlackRD "77"]
[GameID "448693"]

1. d4 Nf6 2. c4 g6 3. Nc3 Bg7 4. e4 d6 5. f3 O-O 6. Bd3 e5 7. d5 Nh5 8. Nge2 Qh4+ 9. g3 Qh3 10. Kf2 Nf6
11. Ng1 Qd7 12. h4 h5 13. Nge2 Na6 14. Kg2 Nc5 15. Bc2 a5 16. Be3 b6 17. a3 Ba6 18. b4 axb4 19. axb4 Bxc4 20. bxc5 bxc5
21. Ba4
1-0

[Event "Kings Indian for Masternorm (1800+)"]
[Site "SchemingMind.com"]
[Date "2019.12.02"]
[Round "-"]
[White "Ramesh Panwar"]
[Black "flyinduck"]
[Result "1-0"]
[WhiteCountry "IND"]
[BlackCountry "CAN"]
[WhiteElo "2510"]
[WhiteRD "73"]
[BlackElo "1990"]
[BlackRD "64"]
[GameID "448694"]

1. d4 Nf6 2. c4 g6 3. Nc3 Bg7 4. e4 d6 5. f3 O-O 6. Bd3 Nc6 7. Nge2 Nd7 8. Be3 e5 9. d5 Nd4 10. O-O c5
11. Qd2 a6 12. Bg5 f6 13. Bh4 h5 14. b3 Kh7 15. Qd1 Bh6 16. h3 Qe8 17. Bf2 f5 18. Rb1 Nf6 19. b4 b6 20. bxc5 bxc5
21. Kh1 Ra7 22. exf5 gxf5 23. Rb6 Qd8 24. Qb1 Ng8 25. Nxd4 cxd4 26. Na4 Kh8 27. Qb4 Rd7 28. Rb8 Qg5 29. Nb6 Rg7 30. Rg1 e4
31. Rxc8 Rxc8 32. Nxc8 exd3 33. Bxd4 Qg3 34. Bxg7+ Bxg7 35. Nxd6 Nh6 36. Qb8+ Kh7 37. Qc7 Kg6 38. Qb6 Kh7 39. Ne8 Be5 40. Nf6+ Bxf6
41. Qxf6 d2 42. Qe6 Qf2 43. Rb1
1-0

[Event "Kings Indian for Masternorm (1800+)"]
[Site "SchemingMind.com"]
[Date "2019.12.01"]
[Round "-"]
[White "flyinduck"]
[Black "Ramesh Panwar"]
[Result "0-1"]
[WhiteCountry "CAN"]
[BlackCountry "IND"]
[WhiteElo "1990"]
[WhiteRD "64"]
[BlackElo "2510"]
[BlackRD "73"]
[GameID "448695"]

1. d4 Nf6 2. c4 g6 3. Nc3 Bg7 4. e4 d6 5. f3 O-O 6. Be3 c5 7. Nge2 Qa5 8. d5 b5 9. cxb5 a6 10. b6 Nbd7
11. Nc1 Nxe4 12. fxe4 Bxc3+ 13. Bd2 Bxd2+ 14. Qxd2 Qxd2+ 15. Kxd2 Nxb6 16. Nb3 f5 17. Re1 fxe4 18. Rxe4 Rf2+ 19. Kc1 Bf5
0-1

[Event "Kings Indian for Masternorm (1800+)"]
[Site "SchemingMind.com"]
[Date "2019.11.30"]
[Round "-"]
[White "Mihir Chandrashekhar"]
[Black "Ramesh Panwar"]
[Result "0-1"]
[WhiteCountry "IND"]
[BlackCountry "IND"]
[WhiteElo "1801"]
[WhiteRD "52"]
[BlackElo "2510"]
[BlackRD "73"]
[GameID "448701"]

1. d4 Nf6 2. c4 g6 3. Nc3 Bg7 4. e4 d6 5. f3 O-O 6. Bd3 c5 7. d5 Nbd7 8. Nge2 e6 9. Bg5 h6 10. Bxf6 Nxf6
11. Kd2 exd5 12. exd5 Nd7 13. Kc2 Ne5 14. Rc1 b5 15. cxb5 c4
0-1

[Event "Kings Indian for Masternorm (1800+)"]
[Site "SchemingMind.com"]
[Date "2019.12.03"]
[Round "-"]
[White "Ramesh Panwar"]
[Black "Matthew Bailey"]
[Result "1/2-1/2"]
[WhiteCountry "IND"]
[BlackCountry "ENG"]
[WhiteElo "2525"]
[WhiteRD "66"]
[BlackElo "2489"]
[BlackRD "59"]
[GameID "448702"]

1. d4 Nf6 2. c4 g6 3. Nc3 Bg7 4. e4 d6 5. f3 O-O 6. Bd3 c5 7. d5 e6 8. Nge2 exd5 9. cxd5 Nbd7 10. O-O a6
11. a3 Ne5 12. Bc2 b5 13. h3 Nh5 14. f4 Nc4 15. g4 Nf6 16. Kg2 Nd7 17. b3 Ncb6 18. b4 Bb7 19. bxc5 dxc5 20. Rb1 Re8
21. g5 Qe7 22. Rf3 Rad8 23. Kh2 Rf8 24. Rg3 Rfe8 25. Rf3 Nc4 26. Qf1 Ndb6 27. Ng3 Qc7 28. Qf2= Bd4 29. Qg2 Bg7 30. Rd3 Qe7
31. Bb3 Qc7 32. Qf2 h5 33. gxh6 Bxh6 34. f5 Bxc1 35. Rxc1 Ne5 36. Re3 g5 37. f6 Ng6 38. Qg1 Kf8 39. Kh1 Re5 40. Rf1 c4
41. Bc2 Nf4 42. Ref3 Ke8 43. Nf5 Rxf5 44. exf5 Kd7 45. Ne4 Nfxd5 46. Nc5+ Kc8 47. Be4 Re8 48. Ne6 Qe5 49. Nxg5 Qxf6 50. Re1 Kb8
51. h4 c3 52. Kh2 Ka7 53. Kh3 Rc8 54. Qf2 Rc7 55. Rd3 Ka8 56. Re2= a5 57. Rd4 Re7 58. Rd1 Qc6 59. Qg3 Qc5=
1/2-1/2

[Event "Kings Indian for Masternorm (1800+)"]
[Site "SchemingMind.com"]
[Date "2019.12.02"]
[Round "-"]
[White "Matthew Bailey"]
[Black "Ramesh Panwar"]
[Result "1/2-1/2"]
[WhiteCountry "ENG"]
[BlackCountry "IND"]
[WhiteElo "2489"]
[WhiteRD "59"]
[BlackElo "2525"]
[BlackRD "66"]
[GameID "448703"]

1. d4 Nf6 2. c4 g6 3. Nc3 Bg7 4. e4 d6 5. f3 O-O 6. Nge2 c5 7. Be3 Nc6 8. d5 Ne5 9. Ng3 e6 10. Be2 exd5
11. cxd5 h5 12. O-O Nh7 13. Qd2 h4 14. Nh1 Bd7 15. Nf2 g5 16. a4 a6 17. a5 Qe7 18. h3 Ng6 19. Bd3 Rab8 20. Na4 b5
21. axb6 Bxa4 22. Rxa4 Rxb6 23. b4 Rxb4 24. Rxb4 cxb4 25. Qxb4 Nf4 26. Qb6 Nf6 27. Rd1 a5 28. Bxf4 gxf4 29. Qxa5 Rb8 30. Bc2 Rc8
31. Ba4 Nh5 32. Kh2 Qb7 33. Bc6 Qb2 34. Bd7 Rb8=
1/2-1/2